KPOP Group by Debut Song - Statistics

General Stats
  • This quiz has been taken 1,575 times
  • The average score is 9 of 21
Answer Stats
Song Group % Correct
No More Dream BTS
93%
MAMA Exo
82%
Into the New World SNSD
80%
Girls Girls Girls GOT7
79%
Replay SHINee
77%
Bad Girl Good Girl Miss A
73%
Fire 2NE1
55%
Face Nu'est
52%
Hot Issue 4Minute
50%
Elvis AOA
45%
Warrior B.A.P
40%
10 Out of 10 2PM
34%
Push Push Sistar
31%
I Don't Know A-Pink
28%
Super Hero Vixx
25%
Freeze! Block B
21%
Candy Jelly Love Lovelyz
17%
Tilt My Head Girl's Day
15%
I Want You Back Secret
6%
Russian Roulette Spica
5%
Party Rock Boys Republic
4%
No matching quizzes found
Score Distribution
Percent of People with Each Score
Percentile by Number Answered
Your Score History
You have not taken this quiz